Nguyên lý di truyền và chọn giống thực vật

में बचाया:
ग्रंथसूची विवरण
मुख्य लेखक: W Williams
स्वरूप: पुस्तक
भाषा:Undetermined
प्रकाशित: Hà Nội KHKT 1972
विषय:
टैग : टैग जोड़ें
कोई टैग नहीं, इस रिकॉर्ड को टैग करने वाले पहले व्यक्ति बनें!
Thư viện lưu trữ: Trung tâm Học liệu Trường Đại học Cần Thơ
LEADER 00495nam a2200169Ia 4500
001 CTU_8727
008 210402s9999 xx 000 0 und d
082 |a 581.15 
082 |b W728 
100 |a W Williams 
245 0 |a Nguyên lý di truyền và chọn giống thực vật 
245 0 |c W Williams, Đặng Văn Viện 
260 |a Hà Nội 
260 |b KHKT 
260 |c 1972 
650 |a genetics,heredity 
980 |a Trung tâm Học liệu Trường Đại học Cần Thơ